Matthew Landrus: Leonardo da Vinci

Bibliographic Details
Main Author: Vallo, Jakub (Author)
Format: Article
Language:Slovak
ISSN:1210-1982
Subjects:

MARC

LEADER 00000nab a2200000 ar4500
001 vtls008985349
003 SK-MaSNL
005 20260303065424.0
008 070502c2007 xo er|p|||||||000 b|slo
015 |a SNBRB2007/05  |2 snkbucl 
038 |a SNKBUCL 
040 |a SNKBUCL  |b slo  |c SNKBUCL  |e AACR2 
041 0 |a slo 
044 |a xo  |c SK 
080 |a 75.071.1  |x (048)  |2 2001 
100 1 |a Vallo, Jakub  |4 aut  |9 400428 
245 1 0 |a Matthew Landrus: Leonardo da Vinci  |c Jakub Vallo 
600 0 7 |a Leonardo da Vinci,  |d 1452-1519  |2 SNKMA  |9 103930 
655 7 |a recenzie  |2 snkbucl  |9 21907 
773 0 |t Knižná revue  |g Roč. XVII, č. 8 (2007), s. 10  |x 1210-1982 
787 0 8 |i Rec.:  |a Landrus, Matthew Hayden, 1965-  |t Leonardo da Vinci  |d Bratislava : Computer Press, 2006  |z 8025109585 
852 |a SNK  |b KIS3GCP 
958 |a RC 
999 |c 1751135  |d 1753065